| 000 | 01221cam a2200277 4500 | ||
|---|---|---|---|
| 001 | ABS63069 | ||
| 008 | 000000n2000 000 0 eng u | ||
| 035 | _a(Sirsi) u108887 | ||
| 100 | _aOsborne, J. | ||
| 245 | _aTop 250 consultants | ||
| 260 | _c2000 | ||
| 490 |
_aBuilding _v265(8156) 6 October 2000, 50-81(28) |
||
| 520 | _aPresents the results of an annual consultants survey. Lists the industry's top 250 consultants ranked by the number of UK chartered staff. Also lists the top 150 architects, 100 engineers, 150 surveyors, 100 quantity surveyors, 100 building surveyors and finally the top 200 fee earners. The top of the consultants league continues to be dominated by engineers. A key change over the past year has been the growth in IT projects. Reflecting this trend, web addresses are included in the listing for the first time. | ||
| 590 | _aABS | ||
| 650 | _aLEAGUE TABLES | ||
| 650 | _aPERFORMANCE | ||
| 650 | _aCONSULTANTS | ||
| 650 | _aCONSTRUCTION INDUSTRY | ||
| 650 | _aARCHITECTS | ||
| 650 | _aENGINEERS | ||
| 650 | _aABOUT RICS-RICS MEMBERS | ||
| 650 | _aFEE EARNERS | ||
| 650 | _aSURVEY | ||
| 690 | _aMANAGEMENT-BUSINESS MANAGEMENT-PROFESSIONAL PRACTICE | ||
| 942 | _n0 | ||
| 999 |
_c65005 _d65005 |
||